Statystyki dla Mistrzostwa Świata 2014

Kliknij tutaj aby rozwiązać quiz!

Ogólne statystyki

  • Ten quiz został rozwiązany 270 razy
  • Średni wynik to 12 z 22

Statystyki odpowiedzi

PozycjaNiemcy% Poprawnych
NLionel Messi
96%
BRManuel Neuer
96%
POPhilipp Lahm
83%
NMiroslav Klose
82%
ŚOMats Hummels
80%
PSThomas Muller
80%
ŚOJerome Boateng
79%
NGonzalo Higuain
73%
BRSergio Romero
72%
ŚPToni Kroos
63%
ŚPDJavier Mascherano
61%
ŚPDBastian Schweinsteiger
50%
LSMesut Ozil
49%
LOMarcos Rojo
40%
LOBenedikt Howedes
38%
POPablo Zabaleta
30%
ŚOMartin Demichelis
24%
ŚPOEzequiel Lavezzi
22%
ŚOEzequiel Garay
21%
ŚPDLucas Biglia
21%
ŚPChristoph Kramer
19%
ŚPOEnzo Perez
7%

Rozkład punktacji

Percentyl według liczby udzielonych odpowiedzi

Procent ludzi z każdym wynikiem

Twoja historia wyników

Nie rozwiązałeś tego quizu